Quantifying spatial uncertainty in natural resources : theory and applications for GIS and remote sensing
Αποθηκεύτηκε σε:
| Συγγραφή απο Οργανισμό/Αρχή: | |
|---|---|
| Άλλοι συγγραφείς: | , |
| Μορφή: | Πρακτικό Συνεδρίου Βιβλίο |
| Γλώσσα: | English |
| Δημοσίευση: |
Chelsea, Mich. :
Ann Arbor Press,
c2000
|
| Θέματα: | |
| Ετικέτες: |
Προσθήκη ετικέτας
Δεν υπάρχουν, Καταχωρήστε ετικέτα πρώτοι!
|
MARC
| LEADER | 00000cam a2200000 i 4500 | ||
|---|---|---|---|
| 001 | 1/39052 | ||
| 008 | 030807s2000 eng d | ||
| 020 | |a 1-57504-131-6 | ||
| 035 | |l 10070552 | ||
| 040 | |a GR-MY-UA |b gre |e aacr | ||
| 041 | 0 | |a eng | |
| 082 | 0 | |a 910.285 |2 (21) | |
| 245 | 0 | 0 | |a Quantifying spatial uncertainty in natural resources : |b theory and applications for GIS and remote sensing / |c edited by H. Todd Mower and Russell G. Congalton |
| 260 | |a Chelsea, Mich. : |b Ann Arbor Press, |c c2000 | ||
| 300 | |a xxiv, 244 σ.; |b εικ., χαρτ.; |c 26 εκ. | ||
| 500 | |a Βασισμένο στις αναθεωρημένες και διευρυμένες εισηγήσεις που παρουσιάστηκαν για το Δεύτερο Διεθνές Συμπόσιο με θέμα Spatial Accuracy Assessment in Natural Resources and Environmental Sciences | ||
| 504 | |a Περιέχει βιβλιογραφία και ευρετήριο | ||
| 650 | 0 | 0 | |a Geographic information systems |v Congresses. |
| 650 | 0 | 0 | |a Remote sensing |x Congresses. |
| 650 | 0 | 0 | |a Spatial analysis (Statistics) |x Congresses. |
| 650 | 0 | 0 | |a Natural resources |x Management |x Statistical methods |x Congresses. |
| 700 | 1 | |a Mowrer, H. Todd. |4 edt | |
| 700 | 1 | |a Congalton, Russell G., |d 1957- |4 edt | |
| 711 | 2 | |a International Symposium on Spatial Accuracy Assessment in Natural Resources and Environmental Sciences |n (2nd : |d 1996 : |c Fort Collins, Colo.) | |
| 852 | |a INST |b LESVOS |e 20030807 |h 910.285 QUA |p 005100026682 |q 005100026682 |t BK |y 0 | ||
| 901 | |a BIBL1-2003-2 | ||
| 922 | |a 1ΕΛΗ |b 200307 |c ΕΠΕΑΕΚ2/ΤΓ |d ΜΙΧΑΛΟΠΟΥΛΟΣ | ||
| 950 | |a 118-2003-06-09 | ||
| 970 | |a ΚΑΡΑ |b ΓΙΑΣΕΜΗ |z 2003/08/26 | ||